00000000nam##2200000za#4500
0019.544734
003CaOODSP
00520250128105603
007ta
008150406|2007||||xxc|||||     f|0| 0 eng|d
020 |a978-0-660-63411-1
040 |aCaOODSP|beng
041 |aeng
041 |afre
043 |an-cn---
0861 |aFs73-2008/1
1102 |aCanadian Hydrographic Service.
24510|aAtlantic Coast and Bay of Fundy
260 |bFisheries and Oceans Canada. |c2008.
300 |a93p. : |bgraphs, map, tables, index ; |c28 cm.
4901 |aCanadian tide and current tables, 2008 |vVol. 1
5203 |aTide and current tables predict the times and heights of high and low tides, the times for slack water, and times when currents will be at maximum velocity. Tide tables are used to obtain the depth of water under the keel or over a shoal, for anchoring, and for deciding when to beach a boat. Current tables ensure safe navigation, especially when under sail, navigating narrow passes or channels with strong currents, or the wind is against the current.
563 |aSoftcover
590 |a07-49|b2007-12-07
69007|aTides|2gcpds
7760#|tCanadian tide and current tables 2008. |w(CaOODSP)9.947441
792 |tCôte de l'Atlantique et baie de Fundy |efre|w(CaOODSP)9.544735
830#0|aCanadian tide and current tables, 2008 ;|vVol. 1|w(CaOODSP)9.511342